|
|
|
|
| LEADER |
00000nam0a2200000 4500 |
| 001 |
71262 |
| 005 |
20231031082444.0 |
| 035 |
|
|
|a (RuTPU)RU\TPU\book\75868
|
| 090 |
|
|
|a 71262
|
| 100 |
|
|
|a 20041214d1978 k y0rusy50 ca
|
| 101 |
0 |
|
|a rus
|c eng
|
| 102 |
|
|
|a RU
|
| 105 |
|
|
|a a z 001zy
|
| 200 |
1 |
|
|a Энтропийные методы моделирования сложных систем
|e пер. с англ.
|f А. Дж. Вильсон
|g Под ред. Ю. С. Попкова
|
| 210 |
|
|
|a Москва
|c Наука
|d 1978
|
| 215 |
|
|
|a 248 с.
|c ил.
|
| 225 |
1 |
|
|a Теория и методы системного анализа
|
| 320 |
|
|
|a Библиогр.: с. 234-246
|
| 320 |
|
|
|a Пред. указ.: с. 247
|
| 610 |
1 |
|
|a сложные системы
|
| 610 |
1 |
|
|a математическое моделирование
|
| 610 |
1 |
|
|a энтропия
|
| 610 |
1 |
|
|a теория
|
| 610 |
1 |
|
|a метод Дарвина - Фаулера
|
| 610 |
1 |
|
|a ансамбли
|
| 675 |
|
|
|a 681.51.015.26
|v 3
|
| 700 |
|
1 |
|a Вильсон
|b А. Дж.
|
| 702 |
|
1 |
|a Попков
|b Ю. С.
|4 340
|
| 801 |
|
1 |
|a RU
|b 63413507
|c 20041214
|g PSBO
|
| 801 |
|
2 |
|a RU
|b 63413507
|c 20200806
|g PSBO
|
| 942 |
|
|
|c BK
|